[Event "Foment Martinenc op-A 18th"]
[Site "Barcelona"]
[Date "2016.05.14"]
[Round "4"]
[White "Llados Clos, Jordi"]
[Black "Delgado Montanes, Jose Antonio"]
[Result "0-1"]
[WhiteElo "1555"]
[BlackElo "2067"]
[PlyCount "106"]
[EventDate "2016.04.23"]
[EventType "swiss"]
[EventRounds "9"]
[EventCountry "ESP"]
[SourceTitle "EXT 2017"]
[Source "ChessBase"]
[SourceDate "2016.10.25"]
[SourceVersion "1"]
[SourceVersionDate "2016.10.25"]
[SourceQuality "1"]

1. e4 e6 2. d4 d5 3. e5 c5 4. c3 Qb6 5. Nf3 Nc6 6. a3 c4 7. Nbd2 Na5 8. Be2 Bd7 9. 0-0 Ne7 10. Rb1 Qc7 11. Qc2 Nc8 12. Bd1 Nb6 13. b4 cxb3 14. Nxb3 Ba4 15. Qd3 Nac4 16. Ra1 h6 17. Nbd2 Bxd1 18. Rxd1 Qc6 19. Nxc4 Qxc4 20. Qxc4 Nxc4 21. Nd2 Na5 22. Rb1 0-0-0 23. Nb3 Nc4 24. a4 Kb8 25. Nd2 Rc8 26. Rb3 Be7 27. Nb1 Rc6 28. Ba3 Nxa3 29. Nxa3 Bxa3 30. Rxa3 Rhc8 31. Rc1 Rc4 32. Raa1 Rxc3 33. Rcb1 Rd3 34. Kf1 Rxd4 35. Rb3 Re4 36. Re3 Rxe3 37. fxe3 Rc2 38. Rd1 Kc7 39. Rd4 Rc4 40. Rd2 Rxa4 41. g3 Kd7 42. Rf2 Ke7 43. Rc2 Rc4 44. Rb2 Rc7 45. Ke2 f6 46. exf6+ gxf6 47. Kd3 e5 48. Ra2 b6 49. g4 Ke6 50. h4 e4+ 51. Kd2 Ke5 52. Ra4 Rg7 53. h5 a5 0-1

[Event "Foment Martinenc op-A 18th"]
[Site "Barcelona"]
[Date "2016.05.07"]
[Round "3"]
[White "Camacho Turrientes, Mariano"]
[Black "Llados Clos, Jordi"]
[Result "1/2-1/2"]
[WhiteElo "1931"]
[BlackElo "1555"]
[PlyCount "34"]
[EventDate "2016.04.23"]
[EventType "swiss"]
[EventRounds "9"]
[EventCountry "ESP"]
[SourceTitle "EXT 2017"]
[Source "ChessBase"]
[SourceDate "2016.10.25"]
[SourceVersion "1"]
[SourceVersionDate "2016.10.25"]
[SourceQuality "1"]

1. d4 d5 2. c4 e6 3. Nc3 Nf6 4. Bg5 Be7 5. e3 0-0 6. Nf3 Nbd7 7. Rc1 b6 8. cxd5 exd5 9. Be2 Bb7 10. 0-0 Rc8 11. Qb3 c5 12. dxc5 Nxc5 13. Qd1 Nce4 14. Nxe4 dxe4 15. Qxd8 Rfxd8 16. Nd4 Nd5 17. Bxe7 Nxe7 1/2-1/2

[Event "Foment Martinenc op-B 17th"]
[Site "Barcelona"]
[Date "2015.05.09"]
[Round "3"]
[White "Llados Clos, Jordi"]
[Black "Mendez Garcia, Juan Ignacio"]
[Result "1/2-1/2"]
[WhiteElo "1984"]
[BlackElo "1964"]
[PlyCount "68"]
[EventDate "2015.04.25"]
[EventType "swiss"]
[EventRounds "9"]
[EventCountry "ESP"]
[SourceTitle "EXT 2017"]
[Source "ChessBase"]
[SourceDate "2016.10.25"]
[SourceVersion "1"]
[SourceVersionDate "2016.10.25"]
[SourceQuality "1"]

1. e4 c6 2. d4 d5 3. exd5 cxd5 4. Bd3 Nc6 5. c3 Nf6 6. Bf4 Bg4 7. Qb3 Na5 8. Bb5+ Bd7 9. Qa4 Nc6 10. Nf3 e6 11. Nbd2 a6 12. Bxc6 Bxc6 13. Qc2 Bb5 14. a4 Bc6 15. Ne5 Bd6 16. Ndf3 Rc8 17. 0-0 0-0 18. Bg5 h6 19. Bh4 Be7 20. Nxc6 Rxc6 21. Ne5 Rc8 22. a5 Nd7 23. Bxe7 Qxe7 24. Nd3 Rc4 25. b3 Rc7 26. b4 Rfc8 27. Nc5 Qf6 28. Rfe1 Qf4 29. Ra3 Nf6 30. f3 Ne8 31. Qc1 Qxc1 32. Rxc1 Nd6 33. Kf2 Kf8 34. Ke2 Nc4 1/2-1/2

[Event "Foment Martinenc op-B 17th"]
[Site "Barcelona"]
[Date "2015.04.25"]
[Round "1"]
[White "Llados Clos, Jordi"]
[Black "Fernandez Rebollo, Irene"]
[Result "1-0"]
[WhiteElo "1984"]
[BlackElo "1867"]
[PlyCount "51"]
[EventDate "2015.04.25"]
[EventType "swiss"]
[EventRounds "9"]
[EventCountry "ESP"]
[SourceTitle "EXT 2017"]
[Source "ChessBase"]
[SourceDate "2016.10.25"]
[SourceVersion "1"]
[SourceVersionDate "2016.10.25"]
[SourceQuality "1"]

1. e4 Nc6 2. Nf3 d5 3. exd5 Qxd5 4. Nc3 Qa5 5. d4 Bg4 6. Be2 0-0-0 7. Be3 e5 8. Nxe5 Bxe2 9. Qxe2 Nxe5 10. dxe5 Qxe5 11. 0-0 Ne7 12. Rfe1 Nc6 13. Qg4+ f5 14. Qf3 Bd6 15. g3 Bc5 16. Bg5 Nd4 17. Qd3 Ne2+ 18. Qxe2 Qxe2 19. Rxe2 Rde8 20. Rae1 Ref8 21. Be7 Bxe7 22. Rxe7 g6 23. Nb5 c6 24. Nd6+ Kb8 25. Rxb7+ Ka8 26. Ree7 1-0

[Event "Foment Martinenc op-B 16th"]
[Site "Barcelona"]
[Date "2014.06.14"]
[Round "8"]
[White "Rodriguez Isern, Bernat"]
[Black "Llados Clos, Jordi"]
[Result "1-0"]
[WhiteElo "1868"]
[BlackElo "1974"]
[PlyCount "109"]
[EventDate "2014.04.26"]
[EventType "swiss"]
[EventRounds "9"]
[EventCountry "ESP"]
[SourceTitle "EXT 2015"]
[Source "ChessBase"]
[SourceDate "2014.11.20"]
[SourceVersion "1"]
[SourceVersionDate "2014.11.20"]
[SourceQuality "1"]

1. e4 c5 2. Nf3 e6 3. d4 cxd4 4. Nxd4 Nf6 5. Nc3 Bb4 6. Bd3 Nc6 7. Nxc6 bxc6 8. Bd2 d5 9. exd5 cxd5 10. 0-0 0-0 11. a3 Bd6 12. Bg5 Be7 13. Qe2 Bb7 14. Rad1 Rb8 15. Rfe1 d4 16. Bxf6 Bxf6 17. Ne4 Bxe4 18. Qxe4 g6 19. b4 Qd6 20. Qf3 Bg7 21. Bf1 Qc7 22. Qb3 Rfc8 23. Bd3 Qb6 24. Rb1 Rc3 25. Qa2 Qc6 26. Rb3 Rxb3 27. Qxb3 Qc3 28. Qxc3 dxc3 29. b5 Bd4 30. Kf1 e5 31. f3 Kf8 32. a4 Ke7 33. f4 f6 34. fxe5 fxe5 35. Ke2 Rf8 36. Rf1 Rf4 37. g3 Rf6 38. Rxf6 Kxf6 39. Kf3 h6 40. h3 h5 41. g4 h4 42. Bc4 Ke7 43. Ke4 Kf6 44. a5 Kg5 45. Bd3 Kf6 46. Kd5 Kg5 47. Kc6 Kf4 48. Bxg6 e4 49. Kd5 Bf2 50. Bxe4 Kg3 51. g5 Kxh3 52. g6 Kh2 53. g7 h3 54. g8Q Bg3 55. Qxg3+ 1-0

[Event "Foment Martinenc op-B 15th"]
[Site "Barcelona"]
[Date "2013.06.01"]
[Round "7"]
[White "Llados Clos, Jordi"]
[Black "Flores Linan, Josep Luis"]
[Result "0-1"]
[WhiteElo "1495"]
[BlackElo "1887"]
[PlyCount "58"]
[EventDate "2013.04.20"]
[EventType "swiss"]
[EventRounds "9"]
[EventCountry "ESP"]
[SourceTitle "CBM 154 Extra"]
[Source "ChessBase"]
[SourceDate "2013.06.25"]
[SourceVersion "2"]
[SourceVersionDate "2013.06.25"]
[SourceQuality "1"]

1. e4 c5 2. Nf3 d6 3. d4 cxd4 4. Nxd4 g6 5. Nc3 Bg7 6. f4 Nc6 7. Nxc6 bxc6 8. Bc4 Qb6 9. Bb3 Nf6 10. e5 Ng4 11. Qf3 0-0 12. h3 Nh6 13. Be3 Qc7 14. exd6 exd6 15. 0-0 Nf5 16. Rad1 Nxe3 17. Qxe3 d5 18. Na4 Bf5 19. c3 Rfe8 20. Qc5 Bf8 21. Qf2 Re7 22. Rfe1 Rae8 23. Rxe7 Rxe7 24. Nc5 h5 25. c4 Re8 26. cxd5 Bxc5 27. Qxc5 Qxf4 28. Qxa7 Re2 29. Qd4 Qg3 0-1

[Event "Foment Martinenc op-B 15th"]
[Site "Barcelona"]
[Date "2013.05.04"]
[Round "3"]
[White "Rodriguez Batuecas, Jordi"]
[Black "Llados Clos, Jordi"]
[Result "0-1"]
[WhiteElo "1627"]
[BlackElo "1495"]
[PlyCount "54"]
[EventDate "2013.04.20"]
[EventType "swiss"]
[EventRounds "9"]
[EventCountry "ESP"]
[SourceTitle "CBM 154 Extra"]
[Source "ChessBase"]
[SourceDate "2013.06.25"]
[SourceVersion "2"]
[SourceVersionDate "2013.06.25"]
[SourceQuality "1"]

1. e4 c5 2. Nc3 e6 3. g3 Nc6 4. Bg2 Nf6 5. Nge2 g6 6. d3 Bg7 7. 0-0 0-0 8. Be3 b6 9. Qd2 Bb7 10. Bg5 Qc7 11. f4 Ne7 12. h3 d5 13. e5 Ne8 14. Bxe7 Qxe7 15. d4 cxd4 16. Qxd4 Nd6 17. Kh2 Nf5 18. Qf2 Qc5 19. Qxc5 bxc5 20. Ng1 Ne3 21. Rf2 Nxg2 22. b3 Ne3 23. g4 d4 24. Nb5 Bc6 25. Nd6 f6 26. exf6 Rxf6 27. g5 Rxf4 0-1

[Event "Foment Martinenc op-B 15th"]
[Site "Barcelona"]
[Date "2013.04.27"]
[Round "2"]
[White "Llados Clos, Jordi"]
[Black "Molina Taberner, Jordi"]
[Result "1-0"]
[WhiteElo "1495"]
[BlackElo "1466"]
[PlyCount "133"]
[EventDate "2013.04.20"]
[EventType "swiss"]
[EventRounds "9"]
[EventCountry "ESP"]
[SourceTitle "CBM 154 Extra"]
[Source "ChessBase"]
[SourceDate "2013.06.25"]
[SourceVersion "2"]
[SourceVersionDate "2013.06.25"]
[SourceQuality "1"]

1. e4 d6 2. d4 Nf6 3. Nc3 g6 4. f4 Bg7 5. Nf3 0-0 6. Bc4 c5 7. e5 dxe5 8. fxe5 Nfd7 9. e6 Nb6 10. exf7+ Kh8 11. Bb5 cxd4 12. Be8 Nc6 13. Nb5 a6 14. Bxc6 axb5 15. Bxb5 Rxf7 16. 0-0 Bg4 17. Ng5 Rxf1+ 18. Qxf1 Qf8 19. Bf4 e5 20. Bxe5 Qxf1+ 21. Rxf1 Bxe5 22. Nf7+ Kg7 23. Nxe5 Be6 24. a3 Ra5 25. a4 Nxa4 26. Bxa4 Rxa4 27. Nd3 Bf5 28. b3 Ra2 29. Rc1 Bxd3 30. cxd3 Rd2 31. Rc7+ Kh6 32. Rxb7 Rxd3 33. Kf1 Rc3 34. Rd7 d3 35. b4 Rb3 36. b5 Rb1+ 37. Kf2 Rb2+ 38. Ke3 Rxb5 39. Rxd3 Re5+ 40. Kf4 Rf5+ 41. Kg4 Rg5+ 42. Kf3 Rf5+ 43. Kg3 Rg5+ 44. Kf2 Rf5+ 45. Rf3 Rxf3+ 46. Kxf3 Kg5 47. Kg3 Kf5 48. Kh3 h6 49. g3 Kf6 50. Kg4 h5+ 51. Kf4 g5+ 52. Ke4 Kg6 53. Ke5 h4 54. g4 Kg7 55. h3 Kg6 56. Ke6 Kg7 57. Kf5 Kh6 58. Kf6 Kh7 59. Kxg5 Kg7 60. Kxh4 Kg6 61. Kg3 Kg5 62. h4+ Kg6 63. Kf4 Kf6 64. h5 Kg7 65. Kf5 Kh6 66. g5+ Kxh5 67. Kf6 1-0

[Event "Foment Martinenc op-B 15th"]
[Site "Barcelona"]
[Date "2013.04.20"]
[Round "1"]
[White "Garcia Extremera, Manuel"]
[Black "Llados Clos, Jordi"]
[Result "1/2-1/2"]
[WhiteElo "1431"]
[BlackElo "1495"]
[PlyCount "117"]
[EventDate "2013.04.20"]
[EventType "swiss"]
[EventRounds "9"]
[EventCountry "ESP"]
[SourceTitle "CBM 154 Extra"]
[Source "ChessBase"]
[SourceDate "2013.06.25"]
[SourceVersion "2"]
[SourceVersionDate "2013.06.25"]
[SourceQuality "1"]

1. e4 c5 2. Nf3 e6 3. c4 Nc6 4. Nc3 Bd6 5. a3 Nf6 6. g3 0-0 7. Bg2 Bc7 8. 0-0 d6 9. Re1 e5 10. d3 h6 11. Bd2 Bg4 12. Nd5 Nd4 13. h3 Nxf3+ 14. Bxf3 Bxh3 15. Kh2 Bd7 16. Rh1 Nxd5 17. cxd5 Qf6 18. Kg2 Kh7 19. g4 g5 20. a4 b5 21. axb5 Bxb5 22. Qc2 Kg6 23. Rh3 a6 24. Rah1 Rh8 25. Be2 Bb6 26. Rf3 Qd8 27. Be3 Ba5 28. Rf5 f6 29. Rh5 Bd7 30. f4 gxf4 31. Bf2 Bxf5 32. Rxf5 Ra7 33. Bh4 Rf7 34. Qd1 Kh7 35. Qh1 Rg8 36. Kf3 Qe7 37. Rh5 Rg6 38. Qa1 Qd8 39. Qg1 Rfg7 40. Kf2 c4 41. Kf1 cxd3 42. Bxd3 Rxg4 43. Qh1 Bb6 44. Bf2 Bxf2 45. Rxh6+ Kg8 46. Rh8+ Kf7 47. Qh5+ Ke7 48. Rxd8 Kxd8 49. Qh8+ Ke7 50. Kxf2 Rg2+ 51. Ke1 Rg8 52. Qh3 Rg1+ 53. Bf1 R8g4 54. Qh7+ Kf8 55. Qh6+ Kf7 56. Qh7+ Rg7 57. Qh5+ Kg8 58. Qe8+ Kh7 59. Qh5+ 1/2-1/2

[Event "Barcelona Vila Gracia op 5th"]
[Site "Barcelona"]
[Date "2012.11.09"]
[Round "4.3"]
[White "Perez Garcia, Adria"]
[Black "Llados Clos, Jordi"]
[Result "1-0"]
[WhiteElo "1878"]
[BlackElo "1894"]
[PlyCount "33"]
[EventDate "2012.10.19"]
[EventType "swiss"]
[EventRounds "7"]
[EventCountry "ESP"]
[SourceTitle "EXT 2024"]
[Source "ChessBase"]
[SourceDate "2023.10.10"]
[SourceVersion "1"]
[SourceVersionDate "2023.10.10"]
[SourceQuality "1"]

1. e4 c5 2. c3 e6 3. d4 cxd4 4. cxd4 Nf6 5. Nc3 Bb4 6. Bd3 Nc6 7. Nf3 0-0 8. 0-0 d5 9. e5 Nd7 10. Bxh7+ Kh8 11. Ng5 Ncxe5 12. dxe5 g6 13. Qd4 Be7 14. Qh4 Kg7 15. Nxe6+ Kh8 16. Qh6 Nf6 17. Qg7# 1-0

[Event "Barcelona Vila Gracia op 5th"]
[Site "Barcelona"]
[Date "2012.11.02"]
[Round "3.2"]
[White "Llados Clos, Jordi"]
[Black "Martinez Lopez, Carlos"]
[Result "1/2-1/2"]
[WhiteElo "1894"]
[BlackElo "1955"]
[PlyCount "93"]
[EventDate "2012.10.19"]
[EventType "swiss"]
[EventRounds "7"]
[EventCountry "ESP"]
[SourceTitle "EXT 2024"]
[Source "ChessBase"]
[SourceDate "2023.10.10"]
[SourceVersion "1"]
[SourceVersionDate "2023.10.10"]
[SourceQuality "1"]

1. e4 c5 2. Nf3 Nc6 3. d4 cxd4 4. Nxd4 Qb6 5. Nb3 Nf6 6. Nc3 e6 7. Be3 Qc7 8. f3 Bb4 9. Qd2 d5 10. Bf4 Qd8 11. 0-0-0 0-0 12. Bg5 Be7 13. Bxf6 Bxf6 14. exd5 Bxc3 15. bxc3 exd5 16. Qxd5 Qf6 17. Qd2 Be6 18. Bd3 a5 19. a4 b6 20. Be4 Rac8 21. Bxc6 Rxc6 22. Nd4 Qe7 23. Nxe6 Qa3+ 24. Kb1 fxe6 25. Rhe1 Qxa4 26. Qd7 Qc4 27. Rd6 Qb5+ 28. Kc1 Qg5+ 29. Rd2 Qc5 30. Rxe6 Qxc3 31. Kd1 Rxe6 32. Qxe6+ Kh8 33. Qe7 Qc8 34. Rd7 Rg8 35. Rc7 Qd8+ 36. Qxd8 Rxd8+ 37. Kc1 h6 38. Rc6 Rb8 39. Kb2 Kg8 40. Kb3 b5 41. Rc5 Kf7 42. c4 bxc4+ 43. Kxc4 Rb2 44. g4 Rxh2 45. Rxa5 Rf2 46. Rf5+ Ke6 47. Kd4 1/2-1/2